| Tag |
First Indicator |
Second Indicator |
Subfields |
| LEADER |
00000cam a2200000 a 4500 |
| 001 |
in00004463313 |
| 005 |
20191202121603.0 |
| 008 |
820624m19811984nyua 00100 eng d |
| 010 |
|
|
|a 81015171
|
| 020 |
|
|
|a 0824715020
|
| 035 |
|
|
|a (OCoLC)08574040
|
| 035 |
|
|
|z (UtOrBLW)7605
|
| 035 |
|
|
|a 12373
|
| 040 |
|
|
|a NLM
|c NLM
|d TMV
|d UtOrBLW
|
| 049 |
|
|
|a TMVM
|c 1
|d [
|v = pt.]
|v A
|v B
|
| 060 |
|
4 |
|a QV 25
|b P535 1981
|
| 245 |
0 |
0 |
|a Pharmaceutical analysis :
|b modern methods /
|c edited by James W. Munson.
|
| 264 |
|
1 |
|a New York :
|b M. Dekker,
|c [1981-1984]
|
| 264 |
|
4 |
|c ©1981-1984
|
| 300 |
|
|
|a 2 parts :
|b illustrations ;
|c 28 cm.
|
| 336 |
|
|
|a text
|2 rdacontent
|b txt
|
| 337 |
|
|
|a unmediated
|2 rdamedia
|
| 338 |
|
|
|a volume
|2 rdacarrier
|b nc
|
| 490 |
1 |
|
|a Drugs and the pharmaceutical sciences ;
|v v. 11
|
| 504 |
|
|
|a Includes bibliographies and indexes.
|
| 650 |
|
2 |
|a Pharmaceutical Preparations
|x analysis.
|
| 700 |
1 |
|
|a Munson, James W.
|
| 830 |
|
0 |
|a Drugs and the pharmaceutical sciences ;
|v v. 11.
|
| 999 |
|
|
|a MARS
|
| 999 |
f |
f |
|s 42b7d94b-1148-3bf8-8849-1776cd41ff3d
|i 1f2cc22e-1bf4-32af-9eeb-930f88d51a22
|t 0
|
| 952 |
f |
f |
|p ric
|a Texas A&M University
|b Rellis Campus
|c Joint Library Facility
|d Remote Storage
|t 0
|e QV 25 P535 1981
|h National Library of Medicine classification
|i unmediated -- volume
|k pt.B
|m 3238900060592
|
| 952 |
f |
f |
|p ric
|a Texas A&M University
|b Rellis Campus
|c Joint Library Facility
|d Remote Storage
|t 0
|e QV 25 P535 1981
|h National Library of Medicine classification
|i unmediated -- volume
|k pt.A
|m 323890006060.
|
| 998 |
f |
f |
|a QV 25 P535 1981
|s pt.A-pt.B
|t 0
|l Remote Storage
|